000 00719nam a2200265 i 4500
001 C2-0142532
003 PPAK
005 20180727125500.0
008 980106s1993 xxka|||| ||||| | eng d
020 _a0721415628
040 _aPPAK
_beng
_cPPAK
_erda
082 0 4 _a398.2
_223
090 0 0 _a398.2
_bSTI
_dK
100 1 _aStimson, Joan,
_eauthor
245 1 0 _aChicken licken
264 1 _aLoughborough :
_bLadybird Books ,
_c1993
300 _a[24 pages] :
_bcolour illustrations ;
_c18 cm
336 _2rdacontent
_atext
337 _2rdamedia
_aunmediated
338 _2rdacarrier
_avolume
490 1 _aFavourite tales
650 1 0 _aFolk literature, English
830 0 _aFavourite tales
942 _ddc
_cB
999 _c44434
_d44434